|
|
|
|
| LEADER |
00998nab#a2200337#ar4500 |
| 001 |
000000472 |
| 003 |
SVKKK |
| 005 |
00000000000000.0 |
| 008 |
c xo e sloo |
| FMT |
|
|
|
| 038 |
|
|
|a SVKKK
|
| 040 |
|
|
|a SVKKK
|b slo
|e AACR2
|
| 041 |
0 |
|
|a slo
|
| 044 |
|
|
|a xo
|c SK
|
| 080 |
|
|
|a 553.31
|2 1981
|
| 080 |
|
|
|a 622.34
|2 1981
|
| 100 |
1 |
|
|a Bolaček, Ondrej
|4 aut
|
| 245 |
1 |
0 |
|a Súčasnosť a perspektívy ťažby sideritového ložiska Nižná Slaná :
|b Predstavujeme banský závod Železorudných baní SIDERIT Nižná Slaná
|c Bolaček Ondrej, Mihók Ján
|
| 300 |
|
|
|b Obr. 4
|
| 650 |
0 |
4 |
|a ložiská sideritové
|z Železorudné bane, š.p. Spišská Nová Ves
|
| 650 |
0 |
4 |
|a závod SIDERIT, Nižná Slaná
|x ťažba
|x súčasnosť
|x perspektívy
|x analýzy
|
| 700 |
1 |
|
|a Mihók, Ján
|4 aut
|
| 773 |
0 |
|
|t Geo vestník
|x 0369-2086
|
| 958 |
|
|
|a MS
|
| 958 |
|
|
|a NP
|
| 958 |
|
|
|a RE
|
| 974 |
|
|
|d 941222
|a 246
|
| 992 |
|
|
|a RBX
|
| BAS |
|
|
|
| 852 |
|
|
|a SVKKK
|b BIB
|
| 998 |
|
|
|a GEO
|